Quiz sur Liège (Province) - Statistiques

Statistiques générales
  • Ce quiz a été pris 75 fois
  • Le résultat moyen est 14 sur 20
Statistiques - réponses
Question Réponse % Correct
Fleuve qui traverse la ville de Liège Meuse
98%
Ville thermale liégeoise dont le nom est devenu un nom commun désignant un centre de détente et de remise en forme Spa
97%
Dessert typiquement belge, dont la forme liégeoise diffère de la bruxelloise notamment par son épaisseur Gaufre de Liège
94%
Hormis le français, cette langue est la plus parlée dans la Province de Liège Allemand
91%
Type d'aliment contenu dans le sandwich appelé localement "routier" ("mitraillette" dans d'autres provinces) Frites
91%
Sport pour lequel est célèbre la ville de Francorchamps Formule 1
89%
Type de catastrophe naturelle ayant coûté en 2021 la vie à 39 belges (dont 38 en province de Liège) et causé d'importants dégâts, notamment à Pepinster Inondations
89%
Produit sucré à base de jus de de poires et de pommes, notamment utilisé pour la sauce du "Boulet a la Liégeoise" Sirop de Liège
83%
Ville thermale connue notamment pour sa marque d'eau éponyme, appartenant depuis 2003 au groupe Coca-Cola Chaudfontaine
81%
Footballer né à Liège, connu pour sa coupe afro, qui a joué au Benfica, à Dortmund et à l'Atlético Madrid Axel Witsel
72%
Festival de musique francophone accueillant annuellement près de 150.000 personnes Francofolies de Spa
69%
Joueuse de tennis née à Rocourt qui a remporté 7 tournois de Grand Chelem entre 2003 et 2007 Justine Henin
69%
Point culminant de la Belgique (694m), situé dans la commune de Waimes Signal de Botrange
69%
Type de produits fabriqués et vendus par la Fabrique Nationale Herstal (ou FN Herstal) Armes
66%
Région de moyenne montagne couvrant la partie Est de la Province Fagnes
56%
Nés à Huy, ces deux frères réalisateurs ont reçu deux fois la Palme d'Or pour Rosetta et L'Enfant. Frères Dardenne
56%
Roi des Francs du VIIIe siècle qui serait né à Liège (mais dont le lieu et la date de naissance exacts sont inconnus) Charlemagne
55%
Commissaire de fiction dont l'auteur, Georges Simenon, est né à a Liège Commissaire Maigret
48%
Caricaturiste Liégeois, connu pour ses dessins quotidiens sur l'actualité dans le journal Le Soir Pierre Kroll
39%
Célèbre acteur et réalisateur, né à Moresnet, connu entre autres pour Eldorado et Les Premiers, les Derniers. Bouli Lanners
25%
Aucun quiz correspondant
Distribution des résultats
% des personnes avec chaque résultat
Percentile par nombre de réponses
Votre historique - résultats
Vous n’avez pas pris ce quiz